NBA Championships as Both Coach and Player - Statistics

General Stats
  • This quiz has been taken 29 times
    28 since last reset
  • The average score is 6 of 13
Answer Stats
Wins As Coach Wins As Player Coach/Player % Correct
11 2 Phil Jackson
96%
2 11 Bill Russell
83%
3 5 Steve Kerr
79%
5 1 Pat Riley
71%
2 8 K.C. Jones
67%
2 8 Tommy Heinsohn
46%
1 1 Billy Cunningham
29%
1 1 Rick Carlisle
29%
1 4 Bill Sharman
21%
2 1 Red Holzman
13%
1 1 Larry Costello
8%
1 1 Buddy Jeannette
4%
1 1 George Senesky
4%
No matching quizzes found
Score Distribution
Percent of People with Each Score
Percentile by Number Answered
Your Score History
You have not taken this quiz since the last reset